<?xml version="1.0" encoding="UTF-8"?>
<record
    xmlns:xsi="http://www.w3.org/2001/XMLSchema-instance"
    xsi:schemaLocation="http://www.loc.gov/MARC21/slim http://www.loc.gov/standards/marcxml/schema/MARC21slim.xsd"
    xmlns="http://www.loc.gov/MARC21/slim">

  <leader>00753nam a22002417a 4500</leader>
  <datafield tag="999" ind1=" " ind2=" ">
    <subfield code="c">165925</subfield>
    <subfield code="d">165925</subfield>
  </datafield>
  <controlfield tag="005">20190705123849.0</controlfield>
  <datafield tag="010" ind1=" " ind2=" ">
    <subfield code="a">A-281728</subfield>
  </datafield>
  <datafield tag="020" ind1=" " ind2=" ">
    <subfield code="a">-</subfield>
    <subfield code="c">35.00</subfield>
  </datafield>
  <datafield tag="035" ind1=" " ind2=" ">
    <subfield code="a">A-281728</subfield>
  </datafield>
  <datafield tag="037" ind1=" " ind2=" ">
    <subfield code="b">BPPD/Ven.</subfield>
    <subfield code="a">dpl</subfield>
  </datafield>
  <datafield tag="082" ind1=" " ind2=" ">
    <subfield code="a">370</subfield>
    <subfield code="2">1986</subfield>
  </datafield>
  <datafield tag="100" ind1=" " ind2=" ">
    <subfield code="a">&#x645;&#x62D;&#x645;&#x62F; &#x627; &#x6A9;&#x631; &#x627; &#x645; &#x62E;&#x627; &#x646; </subfield>
  </datafield>
  <datafield tag="245" ind1=" " ind2=" ">
    <subfield code="a">&#x62A;&#x639;&#x644;&#x64A;&#x645; &#x627; &#x648; &#x631; &#x631; &#x6C1; &#x646;&#x645;&#x627; &#x626;  </subfield>
    <subfield code="c">&#x645;&#x62D;&#x645;&#x62F; &#x627; &#x6A9;&#x631; &#x627; &#x645; &#x62E;&#x627; &#x646; </subfield>
    <subfield code="h">Urdu</subfield>
  </datafield>
  <datafield tag="246" ind1=" " ind2=" ">
    <subfield code="a">Taaleem Aur Rahnumai (Urdu)</subfield>
    <subfield code="b">by Mohd.Akram Khan </subfield>
  </datafield>
  <datafield tag="250" ind1=" " ind2=" ">
    <subfield code="a">1986 &#x621;</subfield>
  </datafield>
  <datafield tag="260" ind1=" " ind2=" ">
    <subfield code="a">N.Delhi </subfield>
    <subfield code="b">Maktaba Jamia Ltd.</subfield>
  </datafield>
  <datafield tag="270" ind1=" " ind2=" ">
    <subfield code="a">Jamia Nagar </subfield>
  </datafield>
  <datafield tag="300" ind1=" " ind2=" ">
    <subfield code="a">168&#x635;</subfield>
    <subfield code="c">22cm(Hbk)</subfield>
  </datafield>
  <datafield tag="490" ind1=" " ind2=" ">
    <subfield code="a">Jaico illustrated classics series</subfield>
  </datafield>
  <datafield tag="942" ind1=" " ind2=" ">
    <subfield code="2">ddc</subfield>
    <subfield code="c">UR</subfield>
    <subfield code="m">&#x645; &#x62D; &#x645; </subfield>
    <subfield code="h">370</subfield>
  </datafield>
  <datafield tag="952" ind1=" " ind2=" ">
    <subfield code="0">0</subfield>
    <subfield code="1">0</subfield>
    <subfield code="4">0</subfield>
    <subfield code="7">-1</subfield>
    <subfield code="8">NFIC</subfield>
    <subfield code="a">L</subfield>
    <subfield code="b">L</subfield>
    <subfield code="d">2019-07-05</subfield>
    <subfield code="e">BPPD/Ven.</subfield>
    <subfield code="g">35.00</subfield>
    <subfield code="l">0</subfield>
    <subfield code="o">370 &#x645; &#x62D; &#x645;</subfield>
    <subfield code="p">A-281728</subfield>
    <subfield code="r">2019-07-05 00:00:00</subfield>
    <subfield code="t">1</subfield>
    <subfield code="v">35.00</subfield>
    <subfield code="w">2019-07-05</subfield>
    <subfield code="y">UR</subfield>
  </datafield>
</record>
